The Georgetown Journal of Law & Public Policy

Bibliographic Details
Format: eBook
Language:English
Published: Washington DC: Georgetown University Law Center, 2020 -
Subjects:
Online Access:Acceso restringido

MARC

LEADER 00000nam a22000007a 4500
005 20220906234314.0
007 cr|||| ||||
008 220906c20209999us n|w s|||| 0|||b1eng d
035 |a 37061 
040 |a vLex 
090 |c 13873  |d 13873 
245 0 3 |a The Georgetown Journal of Law & Public Policy  |h [Recurso electrn̤ico] / 
256 |a Servicio en ln̕ea 
260 |a Washington DC:  |b Georgetown University Law Center,  |c 2020 - 
300 |a 1 recurso electrn̤ico 
310 |a Irregular 
506 1 |a Disponible solo en los productos indicados  |d vLex Global  |d vLex Global (Academic Edition, excluding Law Schools)  |d vLex Global (Academic Edition, Law Schools) 
650 0 4 |a Derecho Civil  |z Estados Unidos 
650 0 4 |a Derecho Pb︢lico y Administrativo  |z Estados Unidos 
740 0 |a vLex Revistas (Servicio en ln̕ea) 
856 4 0 |u https://app.vlex.com/#/sources/37061  |z Acceso restringido 
942 |c REV 
999 0 |a Civil Law 
999 0 |a Public and Administrative Law